Nuevos aspectos de la fenomenología del lenguaje / (Record no. 147621)

MARC details
000 -LEADER
campo de control de longitud fija 00684nam a2200229 i 4500
001 - NÚMERO DE CONTROL
campo de control 147621
003 - IDENTIFICADOR DE NÚMERO DE CONTROL
campo de control ES-MaACL
005 - FECHA Y HORA DE LA ÚLTIMA TRANSACCIÓN
campo de control 20260612132715.0
007 - CAMPO FIJO DE DESCRIPCIÓN FÍSICA--INFORMACIÓN GENERAL
campo de control de longitud fija t|
008 - DATOS DE LONGITUD FIJA--INFORMACIÓN GENERAL
campo de control de longitud fija 071004s1967 sp ||||1| spa d
080 ## - NÚMERO DE LA CLASIFICACIÓN DECIMAL UNIVERSAL
Número de la Clasificación Decimal Universal 81
100 1# - ENTRADA PRINCIPAL--NOMBRE DE PERSONA
Nombre de persona Uscatescu, Jorge,
Fechas asociadas al nombre 1919-1995
9 (RLIN) 112293
245 10 - MENCIÓN DEL TÍTULO
Título Nuevos aspectos de la fenomenología del lenguaje /
Mención de responsabilidad, etc. George Uscatescu.
260 ## - PUBLICACIÓN, DISTRIBUCIÓN, ETC.
Lugar de publicación, distribución, etc. Madrid :
Nombre del editor, distribuidor, etc. Punta Europa,
Fecha de publicación, distribución, etc. 1967.
300 ## - DESCRIPCIÓN FÍSICA
Extensión 17 p. ;
Dimensiones 24 cm.
595 ## -
-- Tirada aparte de: Punta Europa, ag.-sept. 1967, n. 124-125
650 #4 - PUNTO DE ACCESO ADICIONAL DE MATERIA--TÉRMINO DE MATERIA
Término de materia o nombre geográfico como elemento de entrada Lingüística.
9 (RLIN) 14463
852 4# - LOCALIZACIÓN
Ubicación ES-MaACL
Número de control de estantería 2062-F-30
852 4# - LOCALIZACIÓN
Ubicación ES-MaACL
Número de control de estantería 2068-F-33
852 4# - LOCALIZACIÓN
Ubicación ES-MaACL
Número de control de estantería 2075-F-35
Holdings
Estatus retirado Estado de pérdida Estado de daño No para préstamo Colección Biblioteca de origen Biblioteca actual Ubicación en estantería Fecha de adquisición Fuente de adquisición Total de préstamos Signatura topográfica completa Código de barras Visto por última vez Precio de reemplazo Tipo de ítem Koha
        Colección de folletos Biblioteca del Ateneo de Madrid Biblioteca del Ateneo de Madrid Depósito folletos 12/05/2022     2075-F-35 1202949 23/02/2023 23/02/2023 Folleto
        Colección de folletos Biblioteca del Ateneo de Madrid Biblioteca del Ateneo de Madrid Depósito folletos 17/01/2008     2068-F-33 1154057 23/02/2023 23/02/2023 Folleto
        Colección de folletos Biblioteca del Ateneo de Madrid Biblioteca del Ateneo de Madrid Depósito folletos 12/05/2022     2062-F-30 1202948 23/02/2023 23/02/2023 Folleto